Organic Chemistry Vol-1 (Record no. 7510)
[ view plain ]
| 000 -LEADER | |
|---|---|
| fixed length control field | 00383nam a2200169Ia 4500 |
| 008 - FIXED-LENGTH DATA ELEMENTS--GENERAL INFORMATION | |
| fixed length control field | 230711s9999||||xx |||||||||||||| ||und|| |
| 020 ## - INTERNATIONAL STANDARD BOOK NUMBER | |
| International Standard Book Number | 978-81-7758-542-1 |
| 041 ## - LANGUAGE CODE | |
| Language code of text/sound track or separate title | ENG |
| 082 ## - DEWEY DECIMAL CLASSIFICATION NUMBER | |
| Classification number | 547 |
| Item number | FI-O |
| 100 ## - MAIN ENTRY--PERSONAL NAME | |
| Personal name | Finar,I.L |
| 245 #0 - TITLE STATEMENT | |
| Title | Organic Chemistry Vol-1 |
| 250 ## - EDITION STATEMENT | |
| Edition statement | 6th Ed. |
| 260 ## - PUBLICATION, DISTRIBUTION, ETC. | |
| Date of publication, distribution, etc. | 2021 |
| Place of publication, distribution, etc. | New Delhi |
| Name of publisher, distributor, etc. | Pearson |
| 300 ## - PHYSICAL DESCRIPTION | |
| Extent | 965p. |
| 650 ## - SUBJECT ADDED ENTRY--TOPICAL TERM | |
| Topical term or geographic name entry element | Pharmacy |
| 942 ## - ADDED ENTRY ELEMENTS (KOHA) | |
| Koha item type | Book |
| Withdrawn status | Lost status | Damaged status | Not for loan | Collection | Home library | Current library | Date acquired | Source of acquisition | Cost, normal purchase price | Inventory number | Total checkouts | Full call number | Barcode | Date last seen | Price effective from | Koha item type | Date last checked out |
|---|---|---|---|---|---|---|---|---|---|---|---|---|---|---|---|---|---|
| MRSPTU Central Library | MRSPTU Central Library | Technical Bureau India PVT.LTD | 1135.00 | TB47644713 | 547 FI-O | P1961 | 08/17/2023 | 08/17/2023 | Book | ||||||||
| MRSPTU Central Library | MRSPTU Central Library | 547 FI-O | 3923 | 08/17/2023 | 08/17/2023 | Book | |||||||||||
| MRSPTU Central Library | MRSPTU Central Library | 1 | 547 FI-O | 16714 | 12/08/2023 | 08/17/2023 | Book | 11/21/2023 | |||||||||
| MRSPTU Central Library | MRSPTU Central Library | 547 FI-O | 16715 | 08/17/2023 | 08/17/2023 | Book | |||||||||||
| MRSPTU Central Library | MRSPTU Central Library | 547 FI-O | 16716 | 08/17/2023 | 08/17/2023 | Book | |||||||||||
| MRSPTU Central Library | MRSPTU Central Library | 547 FI-O | 16717 | 08/17/2023 | 08/17/2023 | Book | |||||||||||
| MRSPTU Central Library | MRSPTU Central Library | 547 FI-O | 16718 | 08/17/2023 | 08/17/2023 | Book | |||||||||||
| MRSPTU Central Library | MRSPTU Central Library | Technical Bureau India PVT.LTD | 1135.00 | TB47644713 | 3 | 547 FI-O | P1962 | 04/30/2025 | 08/17/2023 | Book | 04/28/2025 | ||||||
| MRSPTU Central Library | MRSPTU Central Library | Technical Bureau India PVT.LTD | 1135.00 | TB47644713 | 547 FI-O | P1963 | 08/17/2023 | 08/17/2023 | Book | ||||||||
| MRSPTU Central Library | MRSPTU Central Library | Technical Bureau India PVT.LTD | 1135.00 | TB47644713 | 547 FI-O | P1964 | 08/17/2023 | 08/17/2023 | Book | ||||||||
| MRSPTU Central Library | MRSPTU Central Library | Technical Bureau India PVT.LTD | 1135.00 | TB47644713 | 547 FI-O | P1965 | 08/17/2023 | 08/17/2023 | Book |
